Score 0/8 Timer 02:00
0 Plays Today
Population Federal District % Correct
19,254,300Siberia
87%
16,141,100South
82.6%
12,082,700Ural
82.6%
38,438,600Central
78.3%
29,900,400Volga
78.3%
6,291,900Far East
78.3%
13,583,800Northwest
69.6%
9,496,800North Caucasus
56.5%
Remove Ads.
Support Sporcle.
Get the best of Sporcle when you Go Orange. This ad-free experience offers more features, more stats, and more fun while also helping to support Sporcle. Thank you for becoming a member.

You're not logged in!

Compare scores with friends on all Sporcle quizzes.
OR
Log In

Show Comments

Extras

Top Quizzes Today


Score Distribution

Your Account Isn't Verified!

In order to create a playlist on Sporcle, you need to verify the email address you used during registration. Go to your Sporcle Settings to finish the process.

Report this User

Report this user for behavior that violates our Community Guidelines.

Details: